Statistics for 52 Prepositions

Click here to take the quiz!

General Stats

  • This quiz has been taken 92 times
    (64 since last reset)
  • The average score is 25 of 52

Answer Stats

Answer% Correct
Above
88%
Before
82%
At
76%
After
76%
Below
76%
Among
76%
From
71%
In
71%
Behind
71%
On
71%
About
71%
Along
71%
With
71%
Around
65%
Between
65%
For
65%
To
59%
Off
59%
Of
59%
Within
59%
Without
59%
Beside
59%
Up
53%
Beneath
53%
By
47%
Across
47%
Against
47%
Under
47%
Over
47%
Inside
47%
As
47%
Outside
41%
Onto
41%
Into
41%
Down
41%
During
41%
Aboard
35%
Toward
35%
Upon
35%
Except
29%
Until
29%
Underneath
29%
Near
29%
Besides
29%
Beyond
29%
Amid
29%
Since
24%
But
18%
Through
18%
Concerning
12%
Past
6%
Like
0%

Score Distribution

Percentile by Number Answered

Percent of People with Each Score

Your Score History

You have not taken this quiz since the last reset